000 00949 aa a2200217 4500
005 20120614111634.0
010 _a
020 _c250.00
_a8171243657
035 _aB-155214
037 _bpub
082 _a613.7046
100 _aरविन्द्र प्रताप सिंह
_949032
245 _aआसन एवं योगमुद्रायें /
_cरविन्द्र प्रताप सिंह
246 _a
_b
260 _aवाराणसी
_bविश्वविद्यालय प्रकाशन
_c2004
270 _a
_b
_e
300 _a190पृ
_c22 सेमी (सजिल्द)
_bसचित्र
490 _a
_949033
942 _adpl
_cHN
_k
_2ddc
_h613.7046
_mरविन्द्र
999 _c67900
_d67900